Social aspects of sport /

Saved in:
Bibliographic Details
Main Author: Snyder, Eldon E.
Other Authors: Spreitzer, Elmer A.
Format: Book
Language:English
Published: Englewood Cliffs, N.J. : Prentice-Hall, c1983.
Edition:2nd ed.
Subjects:
LEADER 01115cam a2200325 a 4500
001 c000282998
003 CARM
005 20080616140819.0
008 820329s1983 nju b 001 0 eng d
010 |a 82003698 
019 1 |a 2193238  |5 LACONCORD2021 
020 |a 0138156395 (pbk.) 
035 |a (OCoLC)8282201  |5 LACONCORD2021 
040 |a LC  |b eng  |c LC  |d SUSA  |d VCAV 
050 0 0 |a GV706.5  |b .S63 1983 
050 4 |a GV706.5  |b .S6 1983 
082 0 4 |a 306.483  |2 19 
100 1 |a Snyder, Eldon E. 
245 1 0 |a Social aspects of sport /  |c Eldon E. Snyder, Elmer A. Spreitzer. 
250 |a 2nd ed. 
260 |a Englewood Cliffs, N.J. :  |b Prentice-Hall,  |c c1983. 
300 |a xiv, 350 p. ;  |c 23 cm. 
500 |a Includes index. 
500 |a VCAV copy covers torn. 
504 |a Bibliography: p. 302-341. 
650 0 |a Sports  |x Social aspects. 
700 1 |a Spreitzer, Elmer A. 
852 8 |b CARM  |h A1:AQ02B0  |i B10608  |p 0469678  |f BK 
999 f f |i ba21dcd2-5088-5f2d-b94f-e59de8811307  |s 9eb62794-4171-5bc0-b63f-8d3271156114 
952 f f |p Can circulate  |a CAVAL  |b CAVAL  |c CAVAL  |d CARM 1 Store  |e B10608  |f A1:AQ02B0  |h Other scheme  |i book  |m 0469678